000 00384 a2200169 4500
001 189540
020 _a978-85-60171-20-0
040 _cMagnum
100 _aWerneck, Humberto
240 1 0 _aEsse inferno vai acabar
_lpor
245 1 0 _aEsse inferno vai acabar
300 _a192
362 0 _a2011
440 1 _aArquipélago Editorial
697 _aLITERATURA GERAL
942 _cBK
999 _c189540
_d189540